| 000 | 00782nam a2200265Ia 4500 | ||
|---|---|---|---|
| 003 | OSt | ||
| 005 | 20220912144927.0 | ||
| 006 | a|||||r|||| 00| 0 | ||
| 007 | ta | ||
| 008 | 220909b |||||||| |||| 00| 0 eng d | ||
| 024 | _a66304 | ||
| 037 | _cTextual | ||
| 040 |
_aCSL _beng _cCSL |
||
| 041 | _aeng | ||
| 082 | _aB286p1,N81, M2 | ||
| 100 | _aAnderson O.D. Ed. | ||
| 111 | _aInternational conference on time series analysis (1981 : Valencia Spain) | ||
| 245 | 0 | _aProceeding on time series analysis : Theory & practice | |
| 260 |
_aAmsterdam _bNorth-holland _c1982 |
||
| 300 |
_aix, 756p. _ccm. |
||
| 500 | _aIncludes Bibiography | ||
| 650 | _aTime series | ||
| 942 |
_hB286p1,N81, M2 _cTEXL _2CC |
||
| 999 |
_c19223 _d19223 |
||